Bank of Zambia: statistics fortnightly (Record no. 84524)
[ view plain ]
| 000 -LEADER | |
|---|---|
| fixed length control field | 00655nam a2200145 a 4500 |
| 008 - FIXED-LENGTH DATA ELEMENTS--GENERAL INFORMATION | |
| fixed length control field | 080829s2008 ||||||||||||||||| || u |
| 050 ## - LIBRARY OF CONGRESS CALL NUMBER | |
| Classification number | BOZ(05) |
| 100 ## - MAIN ENTRY--PERSONAL NAME | |
| Personal name | Bank of Zambia |
| 245 10 - TITLE STATEMENT | |
| Title | Bank of Zambia: statistics fortnightly |
| 260 ## - PUBLICATION, DISTRIBUTION, ETC. | |
| Place of publication, distribution, etc. | Lusaka |
| Name of publisher, distributor, etc. | Bank of Zambia |
| Date of publication, distribution, etc. | 2008 |
| 350 ## - | |
| -- | 0.00 |
| 500 ## - GENERAL NOTE | |
| General note | BOZ(05)SF/08/13 (2 copies) |
| 995 ## - | |
| -- | SPECIAL COLLECTIONS |
| -- | 0.00 |
| -- | 03002620 |
| -- | CBU-MAIN LIBRARY (Kitwe) |
| -- | 1 |
| -- | 0.00 |
| -- | BOZ(05)SF/08/13B |
| -- | 2 |
| -- | AVAILABLE |
| -- | Sep 4, 2008 |
| -- | Z03002620 |
| -- | Zambiana Collection |
| 995 ## - | |
| -- | SPECIAL COLLECTIONS |
| -- | 0.00 |
| -- | 03002619 |
| -- | CBU-MAIN LIBRARY (Kitwe) |
| -- | 1 |
| -- | 0.00 |
| -- | BOZ(05)SF/08/13A |
| -- | 1 |
| -- | AVAILABLE |
| -- | Sep 4, 2008 |
| -- | Z03002619 |
| -- | Zambiana Collection |
| 999 ## - | |
| -- | 84524 |
| -- | 84524 |
| Withdrawn status | Lost status | Source of classification or shelving scheme | Damaged status | Not for loan | Permanent Location | Current Location | Shelving location | Date acquired | Total Checkouts | Full call number | Barcode | Date last seen | Copy number | Price effective from | Koha item type |
|---|---|---|---|---|---|---|---|---|---|---|---|---|---|---|---|
| CBU-MAIN LIBRARY, KITWE. | CBU-MAIN LIBRARY, KITWE. | 01/25/2024 | BOZ(05)SF/08/13B | Z03002620 | 01/25/2024 | 1 | 01/25/2024 | SPECIAL COLLECTION | |||||||
| CBU-MAIN LIBRARY, KITWE. | CBU-MAIN LIBRARY, KITWE. | 01/25/2024 | BOZ(05)SF/08/13A | Z03002619 | 01/25/2024 | 2 | 01/25/2024 | SPECIAL COLLECTION |